[Event "54th Groningen Open 2016"]
[Site "Groningen NED"]
[Date "2016.12.28"]
[Round "7.7"]
[White "Ulybin, Mikhail"]
[Black "Schoppen, Casper"]
[Result "0-1"]
[WhiteTitle "GM"]
[WhiteElo "2483"]
[BlackElo "2337"]
[WhiteFideId "4101405"]
[BlackFideId "1046730"]
[EventDate "2016.12.21"]

1. d4 Nf6 2. c4 e6 3. g3 d5 4. Nf3 Be7 5. Bg2 O-O 6. O-O c6 7. Nc3 Nbd7 8. Qd3
b6 9. e4 Bb7 10. Rd1 dxe4 11. Nxe4 c5 12. Nxf6+ Nxf6 13. d5 exd5 14. Nh4 Ne4 15.
cxd5 Nd6 16. Bf4 Bc8 17. Be5 Bf6 18. f4 Bxh4 19. gxh4 Bf5 20. Qg3 f6 21. Bc3 a5
22. Re1 b5 23. a3 Rc8 24. b4 cxb4 25. axb4 a4 26. Bd4 Qd7 27. Bc5 Rfe8 28. Rad1
Ra8 29. Re6 Ne4 30. Rxe8+ Rxe8 31. Bxe4 Bxe4 32. d6 Bc6 33. Rd2 Qf5 34. Be3 a3
35. Kf2 Qe6 36. f5 Qxf5+ 37. Qf4 Qh3 38. Qg3 Qe6 39. Rd3 Qf5+ 40. Ke2 a2 0-1

[Event "54th Groningen Open 2016"]
[Site "Groningen NED"]
[Date "2016.12.28"]
[Round "7.8"]
[White "Schippers, Maurice"]
[Black "Ten Hertog, Hugo"]
[Result "0-1"]
[BlackTitle "IM"]
[WhiteElo "2288"]
[BlackElo "2453"]
[WhiteFideId "1004735"]
[BlackFideId "1026356"]
[EventDate "2016.12.21"]

1. e4 c5 2. Nf3 d6 3. d4 cxd4 4. Nxd4 Nf6 5. f3 e5 6. Nb3 d5 7. Bg5 d4 8. Bb5+
Nc6 9. N1d2 Be7 10. O-O Nh5 11. Bxe7 Qxe7 12. Rc1 O-O 13. c3 dxc3 14. Rxc3 Nd4
15. Bc4 Rd8 16. Qe1 Nf4 17. g3 b5 18. gxf4 bxc4 19. Nxc4 Nxb3 20. axb3 exf4 21.
Kh1 Bh3 22. Rg1 g6 23. Qe2 Rd4 24. Rcc1 Rad8 25. Rcd1 Qd7 26. Ne5 Qe6 27. Nc4 h5
28. Rxd4 Rxd4 29. Rd1 Qd7 30. Rxd4 Qxd4 31. Na3 Qb6 32. Nb5 Be6 33. Kg2 h4 34.
Qd3 h3+ 35. Kf1 Bc8 36. Nd6 Ba6 37. Nc4 Qf6 38. Qd7 Qxb2 39. Qc8+ Bxc8 40. Nxb2
a5 41. Na4 Kf8 42. Ke2 Ke7 43. Kd3 Kd6 44. Kd4 f6 45. Nc5 g5 46. Nd3 Ba6 47. e5+
Ke7 48. Nc5 f5 49. Nxa6 g4 50. Nc7 g3 51. Nd5+ Kf8 52. e6 gxh2 53. Ke5 h1=Q 54.
Kf6 Qa1+ 0-1

[Event "54th Groningen Open 2016"]
[Site "Groningen NED"]
[Date "2016.12.28"]
[Round "7.9"]
[White "Popov, Mikhail"]
[Black "Krasenkow, Michal"]
[Result "0-1"]
[WhiteTitle "FM"]
[BlackTitle "GM"]
[WhiteElo "2369"]
[BlackElo "2626"]
[WhiteFideId "4146182"]
[BlackFideId "1113100"]
[EventDate "2016.12.21"]

1. c4 g6 2. Nf3 Bg7 3. Nc3 e5 4. g3 Nc6 5. Bg2 f5 6. d3 Nf6 7. Rb1 d6 8. b4 a6
9. O-O O-O 10. a4 a5 11. b5 Nb4 12. Qb3 c5 13. bxc6 bxc6 14. Na2 Rb8 15. c5+ Kh8
16. Nxb4 Rxb4 17. Qc2 e4 18. dxe4 fxe4 19. Ng5 d5 20. Rxb4 axb4 21. Bf4 h6 22.
Nh3 Bf5 23. Bd6 Rf7 24. Nf4 g5 25. g4 Nxg4 26. Nh5 e3 27. Qb3 exf2+ 28. Kh1 Bc3
29. e4 Bg6 30. exd5 Bxh5 31. dxc6 Qc8 32. Qd1 Rf6 33. Qd3 Re6 34. c7 Re1 35. Bg3
Rxf1+ 36. Bxf1 Be8 37. Bg2 Bd7 38. c6 Bf5 39. Qd8+ Kh7 40. h3 Nf6 41. Bxf2 b3
42. Bd4 Bxd4 43. Qxd4 Kg6 44. a5 Qxc7 45. a6 Qf4 46. Qa1 Qd2 47. a7 b2 48. Qxb2
Qxb2 49. a8=Q g4 50. hxg4 Qc1+ 51. Kh2 Nxg4+ 52. Kg3 Qe3+ 53. Bf3 Qf2+ 0-1

[Event "54th Groningen Open 2016"]
[Site "Groningen NED"]
[Date "2016.12.28"]
[Round "7.10"]
[White "Werle, Jan"]
[Black "Vrolijk, Liam"]
[Result "1-0"]
[WhiteTitle "GM"]
[BlackTitle "FM"]
[WhiteElo "2560"]
[BlackElo "2332"]
[WhiteFideId "1006088"]
[BlackFideId "1048333"]
[EventDate "2016.12.21"]

1. d4 Nf6 2. c4 g6 3. Nc3 Bg7 4. e4 d6 5. Nf3 O-O 6. Be2 e5 7. O-O Nc6 8. d5 Ne7
9. b4 a5 10. bxa5 c5 11. a4 Rxa5 12. Ra3 Ne8 13. Bd2 Ra6 14. Qb1 h6 15. Nh4 f5
16. exf5 gxf5 17. g3 Nf6 18. f4 e4 19. Nd1 Qe8 20. a5 b6 21. Qa2 Bd7 22. axb6
Rxb6 23. Bc3 Qf7 24. Ra7 Nc8 25. Ra8 Ne8 26. Qa1 Bxc3 27. Qxc3 Nc7 28. Ra3 Qg7
29. Qxg7+ Kxg7 30. Ne3 Rb7 31. g4 Ne7 32. gxf5 Ne8 33. Kf2 Kh7 34. Rfa1 Nf6 35.
Ra6 Ne8 36. Ra7 Rxa7 37. Rxa7 Nf6 38. Ng4 e3+ 39. Kxe3 Neg8 40. Kf3 Rb8 41. Ne5
Rb3+ 42. Kf2 dxe5 43. fxe5 Ne4+ 44. Kg2 Ngf6 45. exf6 Nxf6 46. Rc7 Rb2 47. Kf3
Ra2 48. Rxc5 Ne8 49. f6 Kg8 50. Ng6 Nxf6 51. Ne5 Be8 52. Rc8 Kg7 53. Rc7+ Kf8
54. Ke3 1-0

[Event "54th Groningen Open 2016"]
[Site "Groningen NED"]
[Date "2016.12.28"]
[Round "7.11"]
[White "Lai, Hing Ting"]
[Black "Aradhya, Garg"]
[Result "0-1"]
[WhiteTitle "FM"]
[WhiteElo "2409"]
[BlackElo "2231"]
[WhiteFideId "1038257"]
[BlackFideId "25006746"]
[EventDate "2016.12.21"]

1. Nf3 d5 2. g3 Nf6 3. Bg2 Bf5 4. O-O e6 5. c4 c6 6. cxd5 exd5 7. d3 Na6 8. Nh4
Be6 9. a3 Be7 10. Qc2 O-O 11. b4 c5 12. bxc5 Nxc5 13. Nd2 Rc8 14. Bb2 d4 15. Qd1
Nd5 16. Bxd4 Bxh4 17. gxh4 Qxh4 18. e3 Bh3 19. Qf3 Bxg2 20. Qxg2 Nf6 21. Rac1
Rfd8 22. Kh1 b6 23. Rg1 Ne6 24. Be5 Qh6 25. Nf3 Nd7 26. Ba1 Ndc5 27. Ne5 f6 28.
Ng4 Qg6 29. Qf1 Kh8 30. f4 Qf5 31. Nf2 Nb3 32. Ne4 Nxa1 33. Rxa1 Qd5 34. f5 Nc5
35. Qg2 Rd7 36. Rad1 Nxd3 37. Rd2 Rcd8 38. h4 Qb7 39. h5 h6 0-1

[Event "54th Groningen Open 2016"]
[Site "Groningen NED"]
[Date "2016.12.28"]
[Round "7.12"]
[White "Zwirs, Nico"]
[Black "Maatman, Nick"]
[Result "1-0"]
[BlackTitle "FM"]
[WhiteElo "2388"]
[BlackElo "2319"]
[WhiteFideId "1036432"]
[BlackFideId "1040391"]
[EventDate "2016.12.21"]

1. e4 c6 2. d4 d5 3. e5 Bf5 4. h4 h5 5. c4 e6 6. Nc3 Ne7 7. Nge2 Nd7 8. Ng3 Bg6
9. a3 dxc4 10. Bxc4 Nb6 11. Be2 Ned5 12. Bg5 f6 13. exf6 gxf6 14. Be3 Qc7 15.
Bxh5 Bxh5 16. Nxh5 O-O-O 17. Qf3 Nxe3 18. fxe3 Rxh5 19. Qxh5 Qg3+ 20. Kf1 Nc4
21. Qe2 Nxe3+ 22. Kg1 Bh6 23. Rh3 Qf4 24. Re1 Ng4 25. Qxe6+ Kb8 26. Qe4 Qf2+ 27.
Kh1 f5 28. Qe7 Qxd4 29. Rf3 Bf8 30. Qe2 Bd6 31. g3 Rh8 32. Kg2 f4 33. Rxf4 Bxf4
34. Qxg4 Qd2+ 35. Re2 1-0

[Event "54th Groningen Open 2016"]
[Site "Groningen NED"]
[Date "2016.12.28"]
[Round "7.13"]
[White "Rakotomaharo, Fy Antenaina"]
[Black "Gomes, Mary Ann"]
[Result "0-1"]
[WhiteTitle "FM"]
[BlackTitle "WGM"]
[WhiteElo "2446"]
[BlackElo "2302"]
[WhiteFideId "13100050"]
[BlackFideId "5013623"]
[EventDate "2016.12.21"]

1. d4 g6 2. e4 Bg7 3. Nc3 d6 4. Be3 Nd7 5. Qd2 c6 6. a4 e5 7. Nf3 h6 8. Bc4 Ngf6
9. dxe5 dxe5 10. h3 Qa5 11. O-O g5 12. Rfd1 Bf8 13. Bxg5 hxg5 14. Nxg5 Rh7 15.
Nxh7 Nxh7 16. Qe2 Ndf6 17. Bb3 Bc5 18. Rd3 Bd7 19. Rad1 O-O-O 20. Kh1 Ng5 21.
Qd2 Ne6 22. Bxe6 fxe6 23. Qg5 Be7 24. f4 Qc5 25. fxe5 Nd5 26. Qg7 Bf8 27. Qg5
Be7 28. Qd2 Nb6 29. b3 Qxe5 30. a5 Bg5 31. Qf2 Qxa5 32. Qf7 Qc5 33. Na4 Qe7 34.
Nxb6+ axb6 35. Qf2 Kc7 36. Rf3 Be8 37. Qg3+ e5 38. Rxd8 Kxd8 39. Rf5 Bf4 40.
Qd3+ Qd7 41. h4 Qxd3 42. cxd3 Ke7 43. g3 Bxg3 44. Rg5 Bf4 45. Rg1 Bh5 46. Kg2
Be2 47. Kf2 Bxd3 48. Kf3 Kf6 49. h5 Bc2 50. b4 Bg5 51. Rh1 Kg7 52. Kg4 Bf4 53.
Kf5 c5 54. Rg1+ Kh7 55. Rg6 cxb4 56. Rxb6 b3 57. Rxb7+ Kh6 58. Kg4 Bd1+ 59. Kf5
Kxh5 60. Rh7+ Bh6 61. Rb7 Bc2 62. Rb8 Bf4 63. Rh8+ Bh6 64. Rb8 Bg7 65. Rb7 Kh6
66. Rb8 Bd1 67. Rb7 Bc2 68. Rb8 Kh7 69. Rb7 Bd1 70. Kg5 Bc2 71. Kf5 Kh6 72. Rb8
Bd1 73. Rb7 Bf8 74. Rb6+ Kh5 75. Rb8 Bg7 76. Ke6 Kg6 77. Rb6 Bc2 78. Rb8 Kg5 79.
Rb7 Bf8 80. Kxe5 b2 0-1

[Event "54th Groningen Open 2016"]
[Site "Groningen NED"]
[Date "2016.12.28"]
[Round "7.14"]
[White "Colijn, Stefan"]
[Black "Kuipers, Stefan"]
[Result "1-0"]
[WhiteTitle "FM"]
[BlackTitle "IM"]
[WhiteElo "2330"]
[BlackElo "2408"]
[WhiteFideId "1016199"]
[BlackFideId "1018400"]
[EventDate "2016.12.21"]

1. c4 e5 2. Nc3 Bb4 3. g3 Bxc3 4. dxc3 d6 5. Bg2 Ne7 6. Nf3 Nbc6 7. c5 d5 8. e4
Bg4 9. Qa4 Bxf3 10. Bxf3 d4 11. O-O O-O 12. Bg4 Ng6 13. h4 Re8 14. Bg5 f6 15. h5
Nf8 16. Qb3+ Kh8 17. Qxb7 Ne7 18. Bc1 Rb8 19. Qxa7 f5 20. exf5 Nc6 21. Qa6 Qd5
22. h6 Nd7 23. hxg7+ Kxg7 24. Be2 Nxc5 25. Qc4 Qxc4 26. Bxc4 Kf6 27. a4 Na5 28.
cxd4 exd4 29. Bd5 Red8 30. Bf3 Nd3 31. Ra3 Ne5 32. Bf4 c5 33. Re1 Re8 34. Kg2
Rxb2 35. Bd5 c4 36. g4 c3 37. Kg3 Rbb8 38. Be6 Nd3 39. Rh1 Nxf4 40. Kxf4 c2 41.
Rah3 Rh8 42. Rc1 h6 43. Rxc2 Rb4 44. Rxh6+ Rxh6 45. g5+ Ke7 46. Rc7+ Kd6 47.
Rd7+ 1-0

[Event "54th Groningen Open 2016"]
[Site "Groningen NED"]
[Date "2016.12.28"]
[Round "7.15"]
[White "Xiang, Zeyu"]
[Black "Soumya, Swaminathan"]
[Result "1-0"]
[BlackTitle "WGM"]
[WhiteElo "2310"]
[BlackElo "2384"]
[WhiteFideId "8608547"]
[BlackFideId "5016193"]
[EventDate "2016.12.21"]

1. d4 d5 2. c4 c6 3. Nf3 Nf6 4. Nc3 e6 5. Bg5 h6 6. Bh4 dxc4 7. e4 g5 8. Bg3 b5
9. Be2 Bb7 10. h4 g4 11. Ne5 h5 12. O-O b4 13. Na4 Nxe4 14. Bxc4 Nd7 15. Qe1
Ndf6 16. Rd1 Qa5 17. b3 Be7 18. Bf4 Rg8 19. Bg5 Rxg5 20. hxg5 Nxg5 21. Qd2 Nd5
22. Nc5 O-O-O 23. Rc1 Nc3 24. Qf4 f6 25. Nf7 Rd5 26. Nxg5 fxg5 27. Qf7 Bxc5 28.
Bxd5 exd5 29. dxc5 Ne2+ 30. Kh1 Ba6 31. Rfe1 Qxa2 32. Ra1 Qd2 33. Qe8+ Kc7 34.
Qe7+ Kc8 35. Qe6+ Kc7 36. Qd6+ Kb7 37. Qd7+ Kb8 38. Qxc6 1-0

[Event "54th Groningen Open 2016"]
[Site "Groningen NED"]
[Date "2016.12.28"]
[Round "7.16"]
[White "Van Delft, Merijn"]
[Black "Wacker, Peter"]
[Result "0-1"]
[WhiteTitle "IM"]
[BlackTitle "FM"]
[WhiteElo "2376"]
[BlackElo "2306"]
[WhiteFideId "1004670"]
[BlackFideId "4615751"]
[EventDate "2016.12.21"]

1. e4 e5 2. Nf3 Nc6 3. Bb5 Nge7 4. Nc3 Ng6 5. d4 exd4 6. Nxd4 Bc5 7. Nf5 O-O 8.
O-O d6 9. Na4 Bb6 10. Nxb6 axb6 11. c3 Be6 12. a3 d5 13. exd5 Qxd5 14. Qxd5 Bxd5
15. Be3 Rfd8 16. Rad1 Bb3 17. Rxd8+ Rxd8 18. f4 Na5 19. Nd4 Bc4 20. Bxc4 Nxc4
21. Bc1 Nd6 22. f5 Ne5 23. f6 c5 24. Ne2 gxf6 25. Rxf6 Nd3 26. Bh6 Ne4 27. Rf3
Nxb2 28. g4 f6 29. h4 Nc4 30. Rf4 Re8 31. a4 Ncd6 32. g5 fxg5 33. hxg5 Nf7 34.
Kg2 Nexg5 35. Bxg5 Nxg5 36. Ng3 Re6 37. a5 bxa5 38. Rf5 Rg6 0-1

[Event "54th Groningen Open 2016"]
[Site "Groningen NED"]
[Date "2016.12.28"]
[Round "7.17"]
[White "Warmerdam, Max"]
[Black "Brink, Barry"]
[Result "1-0"]
[WhiteTitle "FM"]
[BlackTitle "FM"]
[WhiteElo "2347"]
[BlackElo "2299"]
[WhiteFideId "1048104"]
[BlackFideId "1009451"]
[EventDate "2016.12.21"]

1. e4 c5 2. Nf3 a6 3. c3 e6 4. d4 d5 5. exd5 exd5 6. Bd3 c4 7. Bc2 Bd6 8. Ne5
Nc6 9. O-O Nge7 10. Qh5 g6 11. Nxc6 Nxc6 12. Re1+ Be6 13. Bxg6 fxg6 14. Rxe6+
Kf7 15. Qh3 Qd7 16. Rf6+ Ke7 17. Rf7+ 1-0

[Event "54th Groningen Open 2016"]
[Site "Groningen NED"]
[Date "2016.12.28"]
[Round "7.19"]
[White "De Jong, Migchiel"]
[Black "Gerlagh, Joris"]
[Result "1-0"]
[WhiteTitle "IM"]
[WhiteElo "2331"]
[BlackElo "2269"]
[WhiteFideId "1002848"]
[BlackFideId "1038834"]
[EventDate "2016.12.21"]

1. e4 b6 2. d4 Bb7 3. Bd3 c5 4. d5 e6 5. c4 b5 6. dxe6 dxe6 7. cxb5 Nf6 8. Nc3
Nbd7 9. Nf3 Qc7 10. Qe2 Rd8 11. O-O Bd6 12. h3 Ne5 13. Nxe5 Bxe5 14. a4 O-O 15.
f4 Bd4+ 16. Kh2 e5 17. f5 c4 18. Bc2 a6 19. Bg5 axb5 20. Bxf6 gxf6 21. Nxb5 Qc5
22. Qg4+ Kh8 23. Qh4 Qe7 24. Nc3 Rg8 25. a5 Rg5 26. a6 Ba8 27. Nd5 Qd6 28. Ra5
Rdg8 29. Kh1 Bxd5 30. exd5 Rxg2 31. Be4 Rg1+ 32. Rxg1 Rxg1+ 33. Kh2 Qb6 34. b4
Qxb4 35. Qxf6+ Kg8 36. Ra2 Qe1 37. Qd8+ Kg7 38. f6+ Kh6 39. Qf8+ Kg5 40. Qg7+
Kf4 41. Bg2 Qh4 42. a7 Rd1 43. Bf3 Bg1+ 44. Kg2 Ra1 45. a8=Q Bd4 46. Qg4+ 1-0

[Event "54th Groningen Open 2016"]
[Site "Groningen NED"]
[Date "2016.12.28"]
[Round "7.20"]
[White "Krasenkova, Ilena"]
[Black "Bao, Qilin"]
[Result "0-1"]
[WhiteTitle "WIM"]
[WhiteElo "2045"]
[BlackElo "2331"]
[WhiteFideId "4119037"]
[BlackFideId "8605750"]
[EventDate "2016.12.21"]

1. c4 Nf6 2. g3 g6 3. b3 Bg7 4. Bb2 O-O 5. Bg2 d6 6. d4 Nbd7 7. e3 e5 8. Ne2 Re8
9. O-O e4 10. Qc2 Nf8 11. Nd2 Qe7 12. Nc3 Bf5 13. Rac1 h5 14. h4 N8h7 15. Ne2
Ng4 16. Nf4 Nhf6 17. Rfe1 Bh6 18. Nd5 Nxd5 19. cxd5 Rac8 20. Nf1 Nf6 21. Qc4 a6
22. a4 Bd7 23. Nd2 g5 24. hxg5 Bxg5 25. Nf1 h4 26. Nh2 Kg7 27. Rc2 Rh8 28. Bc1
b5 29. Qb4 Nxd5 30. Qa5 c6 31. g4 h3 32. Bf1 Qd8 33. Qd2 Qf6 34. Be2 Rcg8 35.
Qa5 Qd8 36. Qd2 Kf8 37. Kh1 Bh4 38. Rf1 Qe7 39. Ba3 Rh6 40. Qa5 Rf6 41. Bd1 Kg7
42. Qxa6 bxa4 43. bxa4 Rb8 44. Qe2 Rb1 45. Bb2 Rxf2 46. Rxf2 Bxf2 47. Qxf2 Rxd1+
48. Nf1 Qf6 49. Qxf6+ Kxf6 50. Rf2+ Ke7 51. Kh2 Nf6 52. Kg3 Nxg4 53. Rf4 h2 54.
Nxh2 Rg1+ 55. Kh4 Nxh2 56. Rxe4+ Kd8 57. Ba3 Bg4 58. Rxg4 Nxg4 59. Bxd6 Nxe3 60.
Bc5 Nc4 61. a5 Ra1 62. Kg5 Rxa5 63. Kf6 Rxc5 64. dxc5 Ke8 0-1

[Event "54th Groningen Open 2016"]
[Site "Groningen NED"]
[Date "2016.12.28"]
[Round "7.21"]
[White "Hopman, Pieter"]
[Black "Chu, Ruotong"]
[Result "0-1"]
[WhiteTitle "FM"]
[WhiteElo "2345"]
[BlackElo "2106"]
[WhiteFideId "1005669"]
[BlackFideId "8605653"]
[EventDate "2016.12.21"]

1. d4 Nf6 2. Bg5 c5 3. d5 Qb6 4. Nc3 Qxb2 5. Bd2 Qb6 6. e4 e5 7. Rb1 Qd8 8. f4
d6 9. fxe5 dxe5 10. Nf3 Nbd7 11. a4 a6 12. Be3 Bd6 13. Nd2 O-O 14. Bd3 Ne8 15.
O-O Be7 16. Nc4 Nd6 17. Nxd6 Bxd6 18. Ne2 Qc7 19. c4 Nf6 20. Rxf6 gxf6 21. Ng3
Kh8 22. Qf3 Qe7 23. Nh5 f5 24. Bh6 Rg8 25. exf5 f6 26. Qe4 Qf7 27. Be2 a5 28.
Rb3 b6 29. Rxb6 Ra6 30. Rb5 Be7 31. Ng3 Bf8 32. Bd2 Qc7 33. Rb2 Bd7 34. Bd1 Qa7
35. Qb1 Bc8 36. Bh5 Qc7 37. Be8 Bd6 38. Bb5 Ra7 39. Qe4 Bf8 40. Nh5 Qd8 41. g4
Qd6 42. Bc3 h6 43. Nxf6 Qxf6 0-1

[Event "54th Groningen Open 2016"]
[Site "Groningen NED"]
[Date "2016.12.28"]
[Round "7.22"]
[White "Simonsen, Hans Kristian"]
[Black "Maris, Ivo"]
[Result "1-0"]
[WhiteTitle "FM"]
[BlackTitle "FM"]
[WhiteElo "2172"]
[BlackElo "2345"]
[WhiteFideId "7200439"]
[BlackFideId "1028146"]
[EventDate "2016.12.21"]

1. Nf3 Nf6 2. d4 g6 3. c4 Bg7 4. g3 O-O 5. Bg2 d6 6. O-O c5 7. Nc3 Nc6 8. dxc5
dxc5 9. Be3 Qa5 10. Qa4 Ng4 11. Qxa5 Nxa5 12. Bxc5 Nxc4 13. Rac1 Nxb2 14. Nd5
Bd7 15. Nxe7+ Kh8 16. Nd5 Rfc8 17. Ng5 Be8 18. h3 Ne5 19. Ne7 Rc7 20. Ba3 Nec4
21. Bd5 Rd8 22. Bxb2 Bxb2 23. Rxc4 Rxc4 24. Bxc4 Bf6 25. Nxf7+ Bxf7 26. Bxf7
Bxe7 27. Rc1 Kg7 28. Bb3 Bd6 29. Rc3 Be5 30. Rf3 Rd7 31. Kg2 Bf6 32. e4 Rc7 33.
Rd3 b5 34. f4 Bb2 35. e5 g5 36. Rd5 gxf4 37. gxf4 Kg6 38. Kf3 Rc3+ 39. Ke4 Rxh3
40. Rd6+ Kg7 41. Rd7+ Kf8 42. Rxa7 Bc1 43. f5 Re3+ 44. Kd5 Bb2 45. Ra8+ Kg7 46.
f6+ Kg6 47. Bc2+ Kf7 48. Ra7+ Ke8 49. Re7+ Kd8 50. Bxh7 Ba3 51. Ra7 Bb2 52. Ra8+
Kc7 53. Re8 Ba3 54. Be4 Re1 55. Ra8 Bb4 56. f7 Rf1 57. Ke6 Bc5 58. Bf5 Rf2 59.
Ra7+ Kb6 60. Re7 Bxe7 61. Kxe7 Rxf5 62. f8=Q Rxe5+ 63. Kd6 Re2 64. Qb8+ Ka5 65.
Qc7+ Kb4 66. Qc5+ Ka4 67. a3 Rb2 68. Qd4+ Kb3 69. Qb4+ Ka2 70. Kc5 Rb3 71. Kxb5
Rxa3 72. Qd2+ Kb3 73. Qb4+ Ka2 74. Kc4 Rh3 75. Qe1 Kb2 76. Qf2+ Ka3 77. Qa7+ Kb2
78. Qg7+ 1-0

[Event "54th Groningen Open 2016"]
[Site "Groningen NED"]
[Date "2016.12.28"]
[Round "7.23"]
[White "Swayams, Mishra"]
[Black "Van Meegen, Ruud"]
[Result "1-0"]
[WhiteTitle "IM"]
[WhiteElo "2473"]
[BlackElo "2183"]
[WhiteFideId "5028183"]
[BlackFideId "1034995"]
[EventDate "2016.12.21"]

1. d4 Nf6 2. Nf3 g6 3. Bg5 Bg7 4. Nbd2 c5 5. c3 cxd4 6. cxd4 d5 7. e3 O-O 8. Bd3
Nc6 9. O-O Bd7 10. a3 a5 11. Rc1 a4 12. Rc5 b6 13. Rc2 Rc8 14. Qe2 Na7 15. Rfc1
Rxc2 16. Rxc2 b5 17. Ne5 Bf5 18. Bxf5 gxf5 19. Bxf6 Bxf6 20. Nc6 Qc7 21. Nb4 Qd7
22. Qf3 e6 23. Qg3+ 1-0

[Event "54th Groningen Open 2016"]
[Site "Groningen NED"]
[Date "2016.12.28"]
[Round "7.24"]
[White "Henseler, Jorgen"]
[Black "Nandhidhaa, PV"]
[Result "0-1"]
[BlackTitle "WIM"]
[WhiteElo "2060"]
[BlackElo "2251"]
[WhiteFideId "1023233"]
[BlackFideId "5050847"]
[EventDate "2016.12.21"]

1. e4 c5 2. Nf3 e6 3. d4 cxd4 4. Nxd4 a6 5. Bd3 Bc5 6. Nb3 Be7 7. Qg4 g6 8. Qe2
d6 9. Be3 Nd7 10. N1d2 Qc7 11. O-O-O Ngf6 12. Kb1 b5 13. g4 e5 14. f3 Bb7 15. h4
d5 16. exd5 Nxd5 17. Ne4 N7f6 18. Nxf6+ Bxf6 19. Be4 Nxe3 20. Qxe3 Rc8 21. g5
Bxe4 22. Qxe4 Bg7 23. Rd5 O-O 24. Rhd1 Qb6 25. Rd6 Qf2 26. R6d2 Qg3 27. Na5 h6
28. Nc6 Rc7 29. gxh6 Bxh6 30. Rd6 Bf4 31. a3 Qxh4 32. Nb4 a5 33. Nc6 b4 34. axb4
axb4 35. Nxb4 Rfc8 36. Nc6 Qg5 37. b4 Kg7 38. b5 Qg2 39. Rd7 Rxd7 40. Rxd7 Qf1+
41. Ka2 Qxb5 0-1

[Event "54th Groningen Open 2016"]
[Site "Groningen NED"]
[Date "2016.12.28"]
[Round "7.25"]
[White "Vos, Tjark"]
[Black "De Boer, Bas"]
[Result "1/2-1/2"]
[WhiteElo "2183"]
[BlackElo "2093"]
[WhiteFideId "1020870"]
[BlackFideId "1050729"]
[EventDate "2016.12.21"]

1. c4 c5 2. Nf3 Nc6 3. d4 cxd4 4. Nxd4 e6 5. Nc3 Nf6 6. g3 d5 7. Bg2 Be7 8. O-O
O-O 9. cxd5 exd5 10. b3 Re8 11. Bb2 Bc5 12. Nxc6 bxc6 13. Rc1 Ba6 14. Bf3 Qe7
15. Na4 Bb4 16. Rxc6 Bxe2 17. Bxf6 Qxf6 18. Rxf6 Bxd1 19. Rf4 Bxf3 20. Rxf3 Re2
21. Rd1 Rd8 22. Nc3 Bxc3 1/2-1/2

[Event "54th Groningen Open 2016"]
[Site "Groningen NED"]
[Date "2016.12.28"]
[Round "7.27"]
[White "Sparenberg, Erik"]
[Black "De Boer, Eelke"]
[Result "1-0"]
[WhiteElo "2119"]
[BlackElo "2027"]
[WhiteFideId "1013262"]
[BlackFideId "1048120"]
[EventDate "2016.12.21"]

1. d4 Nf6 2. Nf3 g6 3. c4 Bg7 4. Nc3 O-O 5. g3 d6 6. Bg2 Nc6 7. O-O a6 8. Bf4
Rb8 9. Rc1 Bd7 10. a3 Re8 11. d5 Na5 12. Nd2 e5 13. Bg5 b6 14. b4 Nb7 15. Nde4
Bf5 16. e3 Kh8 17. Qf3 h6 18. Bxf6 Bxf6 19. Nxf6 Qxf6 20. e4 1-0

[Event "54th Groningen Open 2016"]
[Site "Groningen NED"]
[Date "2016.12.28"]
[Round "7.28"]
[White "Vandelacluze, Ian"]
[Black "Li, Zhaoyang"]
[Result "1-0"]
[WhiteElo "2111"]
[BlackElo "2002"]
[WhiteFideId "222755"]
[BlackFideId "8608237"]
[EventDate "2016.12.21"]

1. e4 c5 2. c3 d6 3. d4 Nf6 4. dxc5 Nc6 5. f3 dxc5 6. Qxd8+ Nxd8 7. Na3 e5 8.
Bb5+ Bd7 9. Bxd7+ Nxd7 10. Be3 a6 11. Ne2 Nc6 12. O-O-O b5 13. b3 Be7 14. Rd2
O-O-O 15. Rhd1 Nb6 16. Rxd8+ Rxd8 17. Rxd8+ Kxd8 18. Kd2 Kc7 19. c4 bxc4 20.
Nxc4 Nxc4+ 21. bxc4 Kd6 22. Nc1 Nd4 23. Bxd4 cxd4 24. Nd3 f6 25. f4 exf4 26.
Nxf4 Kc5 27. Kd3 Bd6 28. Ne6+ Kb4 29. Kxd4 Ka3 30. h3 Kxa2 31. c5 Be5+ 32. Kc4
a5 33. c6 1-0

[Event "54th Groningen Open 2016"]
[Site "Groningen NED"]
[Date "2016.12.28"]
[Round "7.29"]
[White "Heemskerk, Wim"]
[Black "Bekedam, Tyro"]
[Result "1/2-1/2"]
[WhiteTitle "FM"]
[WhiteElo "2217"]
[BlackElo "2154"]
[WhiteFideId "1001000"]
[BlackFideId "1043374"]
[EventDate "2016.12.21"]

1. c4 c6 2. Nf3 Nf6 3. Nc3 d5 4. e3 e6 5. b3 Nbd7 6. Qc2 Bd6 7. Bb2 O-O 8. Be2
Re8 9. O-O a6 10. d4 b5 11. Rfd1 Bb7 12. Rac1 b4 13. Na4 Ne4 14. Bd3 f5 15. Ne5
Rc8 16. Qe2 Ndf6 17. f3 Ng5 18. Nc5 Bxc5 19. dxc5 Qe7 20. cxd5 Nxd5 21. f4 Nf7
22. Nxf7 Qxf7 23. Be5 Ra8 24. Kh1 a5 25. g4 g6 26. Rg1 a4 27. e4 fxe4 28. Qxe4
Nf6 29. Qe2 axb3 30. axb3 Ra3 31. f5 exf5 32. Bc4 Nd5 33. gxf5 Qxf5 34. Rce1 Bc8
35. Rgf1 Qh3 36. Qf2 Bf5 37. Bb2 Raa8 38. Qf4 Qg4 39. Qxg4 Bxg4 40. Kg1 Bf5 1/2-1/2

[Event "54th Groningen Open 2016"]
[Site "Groningen NED"]
[Date "2016.12.28"]
[Round "7.30"]
[White "Elgersma, Simon"]
[Black "Van Dael, Siem"]
[Result "1/2-1/2"]
[WhiteElo "2070"]
[BlackElo "2017"]
[WhiteFideId "1046101"]
[BlackFideId "1049771"]
[EventDate "2016.12.21"]

1. e4 e5 2. Nf3 Nc6 3. Bb5 a6 4. Ba4 Nf6 5. d3 b5 6. Bb3 Bc5 7. Nc3 d6 8. Nd5 h6
9. c3 Ba7 10. Nxf6+ Qxf6 11. Bd5 Bb7 12. Be3 Bxe3 13. fxe3 Nd8 14. Bxb7 Nxb7 15.
a4 O-O 16. O-O Qe6 17. Nh4 Nc5 18. axb5 axb5 19. Rxa8 Rxa8 20. Nf5 Kh7 21. b4
Nd7 22. Qh5 Ra2 23. Rf2 Ra1+ 24. Rf1 Ra2 25. Rf2 Ra1+ 1/2-1/2